Catálogo

Historias de mujeres / (Registro nro. 69069)

Detalles MARC
000 -LEADER
fixed length control field 01056aam a2200325 i 4500
001 - CONTROL NUMBER
control field 69069
003 - CONTROL NUMBER IDENTIFIER
control field Mx-PuUPA
005 - DATE AND TIME OF LATEST TRANSACTION
control field 20220302080947.0
008 - FIXED-LENGTH DATA ELEMENTS--GENERAL INFORMATION
fixed length control field 200506s2016 mx a|||gr|||| 00| j spa d
020 ## - INTERNATIONAL STANDARD BOOK NUMBER
International Standard Book Number 9786073141659
040 ## - CATALOGING SOURCE
Original cataloging agency Mx-PuUPA
Language of cataloging spa
Transcribing agency Mx-PuUPA
Modifying agency Mx-PuUPA
Description conventions rda
041 0# - LANGUAGE CODE
Language code of text/sound track or separate title spa
100 1# - MAIN ENTRY--PERSONAL NAME
9 (RLIN) 11063
Personal name Montero, Rosa,
Dates associated with a name 1951-
Relator term autor
245 10 - TITLE STATEMENT
Title Historias de mujeres /
Statement of responsibility, etc. Rosa Montero
250 ## - EDITION STATEMENT
Edition statement Ampliada
264 #1 - PRODUCTION, PUBLICATION, DISTRIBUTION, MANUFACTURE, AND COPYRIGHT NOTICE
Place of production, publication, distribution, manufacture Ciudad de México :
Name of producer, publisher, distributor, manufacturer Penguin Random House Grupo Editorial,
Date of production, publication, distribution, manufacture, or copyright notice 2016
300 ## - PHYSICAL DESCRIPTION
Extent 247 páginas :
Other physical details ilustraciones ;
Dimensions 19 cm
336 ## - CONTENT TYPE
Fuente rdacontent
Content type term texto
Content type code txt
337 ## - MEDIA TYPE
Source rdamedia
Media type term sin medio
Media type code n
338 ## - CARRIER TYPE
Source rdacarrier
Carrier type term volumen
Carrier type code nc
490 1# - SERIES STATEMENT
Series statement Debolsillo. Bestseller
650 #4 - SUBJECT ADDED ENTRY--TOPICAL TERM
Topical term or geographic name entry element Mujeres
Form subdivision Biografía
650 #4 - SUBJECT ADDED ENTRY--TOPICAL TERM
Topical term or geographic name entry element Biografía
Chronological subdivision Siglo XX
650 #4 - SUBJECT ADDED ENTRY--TOPICAL TERM
Topical term or geographic name entry element Mujeres
830 #0 - SERIES ADDED ENTRY--UNIFORM TITLE
9 (RLIN) 11582
Uniform title Debolsillo.
Name of part/section of a work Bestseller
942 ## - ADDED ENTRY ELEMENTS (KOHA)
Source of classification or shelving scheme Dewey Decimal Classification
Koha item type Libro
Item part M734
Classification part 920.72
Existencias
Withdrawn status Lost status Source of classification or shelving scheme Damaged status Not for loan Collection code Home library Current library Shelving location Date acquired Source of acquisition Cost, normal purchase price Full call number Barcode Date last seen Cost, replacement price Price effective from Koha item type Copy number
    Dewey Decimal Classification     General Biblioteca Karol Wojtyla Biblioteca Karol Wojtyla Sala general 09/08/2021 1 199.00 920.72 M734 2016 101472 05/01/2026 199.00 09/08/2021 Libro  
    Dewey Decimal Classification     General Biblioteca Karol Wojtyla Biblioteca Karol Wojtyla Sala general 09/08/2021 1 199.00 920.72 M734 2016 101473 05/01/2026 199.00 09/08/2021 Libro Ej.2